Catálogo público

(Record no. 85660)

MARC details
000 -CABECERA
campo de control de longitud fija 00316nam a22001457a 4500
005 - FECHA Y HORA DE LA ÚLTIMA TRANSACCIÓN
campo de control 20220127140424.0
008 - DATOS DE LONGITUD FIJA--INFORMACIÓN GENERAL
campo de control de longitud fija 020426d1999 us a r 00110 spa d
010 ## - NÚMERO DE CONTROL DE LA BIBLIOTECA DEL CONGRESO
Número de control de LC 85660
011 ## - ENLACE DEL NUMERO DE CONTROL DE LA BIBLIOTECA DEL CONGRESO [OBSOLETO]
Número de control de LC 86632
035 ## - NÚMERO DE CONTROL DEL SISTEMA
Número de control de sistema 97171
245 0# - MENCIÓN DE TÍTULO
Mención de responsabilidad, etc. /por
260 ## - PUBLICACIÓN, DISTRIBUCIÓN, ETC.
Fecha de publicación, distribución, etc. 19
590 ## - NOTA LOCAL (RLIN)
Nota local CONVERSION
Procedencia (VM) [OBSOLETO] 10
Condición del los carretes individuales (VM) [OBSOLETO] 20130109
-- UCH01
-- 1348
901 ## - ELEMENTOS DE DATOS A LOCAL LDA (RLIN)
a BK

No items available.